Nursing interventions for infants, children, and families (Record no. 480771)

MARC details
000 -LEADER
fixed length control field 01727cam a2200373 a 4500
001 - CONTROL NUMBER
control field EDZ0000064093
003 - CONTROL NUMBER IDENTIFIER
control field StDuBDS
005 - DATE AND TIME OF LATEST TRANSACTION
control field 20161031105150.0
006 - FIXED-LENGTH DATA ELEMENTS--ADDITIONAL MATERIAL CHARACTERISTICS--GENERAL INFORMATION
fixed length control field m||||||||d||||||||
007 - PHYSICAL DESCRIPTION FIXED FIELD--GENERAL INFORMATION
fixed length control field cr |||||||||||
008 - FIXED-LENGTH DATA ELEMENTS--GENERAL INFORMATION
fixed length control field 120327s2001 caua fo| 001|0|eng d
020 ## - INTERNATIONAL STANDARD BOOK NUMBER
International Standard Book Number 9781452220284 (ebook) :
Terms of availability No price
040 ## - CATALOGING SOURCE
Original cataloging agency StDuBDS
Language of cataloging eng
Transcribing agency StDuBDS
Description conventions pn
049 ## - LOCAL HOLDINGS (OCLC)
Holding library Alfaisal Main Library
050 #0 - LIBRARY OF CONGRESS CALL NUMBER
Classification number RJ245
Item number .N877 2001
082 04 - DEWEY DECIMAL CLASSIFICATION NUMBER
Classification number 618.9200231
Edition number 23
245 00 - TITLE STATEMENT
Title Nursing interventions for infants, children, and families
Medium [electronic resource] /
Statement of responsibility, etc Martha Craft-Rosenberg and Janice Denehy, editors.
260 ## - PUBLICATION, DISTRIBUTION, ETC. (IMPRINT)
Place of publication, distribution, etc Thousand Oaks, Calif. ;
-- London :
Name of publisher, distributor, etc SAGE,
Date of publication, distribution, etc c2001.
300 ## - PHYSICAL DESCRIPTION
Extent 1 online resource (xi, 730 p.) :
Other physical details ill.
500 ## - GENERAL NOTE
General note Rev. ed. of: Nursing interventions for infants & children. 1990.
504 ## - BIBLIOGRAPHY, ETC. NOTE
Bibliography, etc Includes bibliographical references and index.
520 8# - SUMMARY, ETC.
Summary, etc Designed for nurses and student nurses who work with this group, this book covers interventions for infants and children as clients, as well as the family as a client. Each chapter examines the theoretical and research literature support for the invention and links to appropriate nursing diagnoses and outcomes.
521 ## - TARGET AUDIENCE NOTE
Target audience note Specialized.
588 ## -
-- Description based on print version record.
650 #0 - SUBJECT ADDED ENTRY--TOPICAL TERM
Topical term or geographic name as entry element Pediatric nursing.
655 #7 - INDEX TERM--GENRE/FORM
Genre/form data or focus term Electronic books.
Source of term local
700 1# - ADDED ENTRY--PERSONAL NAME
Personal name Craft-Rosenberg, Martha.
700 1# - ADDED ENTRY--PERSONAL NAME
Personal name Denehy, Janice Ann.
710 2# - ADDED ENTRY--CORPORATE NAME
Corporate name or jurisdiction name as entry element Sage eBooks
730 0# - ADDED ENTRY--UNIFORM TITLE
Uniform title Nursing interventions for infants & children.
776 08 - ADDITIONAL PHYSICAL FORM ENTRY
Display text Print version :
International Standard Book Number 9780761907251
856 40 - ELECTRONIC LOCATION AND ACCESS
Uniform Resource Identifier <a href="http://ezproxy.alfaisal.edu/login?url=http://sk.sagepub.com/books/nursing-interventions-for-infants-children-and-families">http://ezproxy.alfaisal.edu/login?url=http://sk.sagepub.com/books/nursing-interventions-for-infants-children-and-families</a>
942 ## - ADDED ENTRY ELEMENTS (KOHA)
Source of classification or shelving scheme Library of Congress Classification
Koha item type eBooks

No items available.

Copyright © 2020 Alfaisal University Library. All Rights Reserved.
Tel: +966 11 2158948 Fax: +966 11 2157910 Email:
librarian@alfaisal.edu